000 00703nam a2200205Ia 4500
003 OSt
005 20260416141209.0
008 210210b1974 xxu||||| |||| 00| 0 eng d
040 _cAL
041 _aKannada
082 _aS891.6 SHAP
100 _aSHANKARACHARYA.
_dಶಂಕರಾಚಾರ್ಯ
_9261865
245 _aPrashnopanishattu
_bಪ್ರಶ್ನೋಪನಿಷತ್ತು
260 _aHolenarasipura
_bAdhyatma prakasha karyalaya
_c1974
300 _a168
690 _aSanskrit Prakirana
_9261866
700 _aSachchidanandendra Sarasvatisvami.
_dಸಚ್ಚಿದಾನಂದೇಂದ್ರ ಸರಸ್ವತಿಸ್ವಾಮಿ tr.
_9261867
906 _a036306
942 _2ddc
_cBK
999 _c86914
_d86914